| 000 | 00000nas##2200000za#4500 |
| 001 | 9.506960 |
| 003 | CaOODSP |
| 005 | 20200331213206 |
| 007 | cr ||||||||||| |
| 008 | 150406c1999||||xxc|| p o||||f| |0eng|d |
| 022 | |a1493-8820 |
| 040 | |aCaOODSP|beng |
| 043 | |an-cn--- |
| 086 | 1 |aFs23-341E-PDF |
| 110 | 1 |aCanada. |bDepartment of Fisheries and Oceans. |
| 245 | 10|aAtlantic seal hunt ... management plan |h[electronic resource] |
| 260 | |aOttawa - Ontario : |bFisheries and Oceans Canada |
| 310 | |aAnnual |
| 362 | 1 |a[1999] - 2003/2005 |
| 690 | 07|aFisheries management|2gcpds |
| 690 | 07|aSealing|2gcpds |
| 775 | 08|tChasse au phoque de l'Atlantique, plan de gestion de ... |w(CaOODSP)9.503355 |